Easy geography quiz - Statistics

General Stats
  • This quiz has been taken 63 times
  • The average score is 9 of 10
Answer Stats
Question Answer % Correct
what is the capital of france Paris
100%
what is the largest country russia
98%
what is the smallest country vatican city
96%
what is the only country to border South Korea North Korea
95%
how many capitals does south africa have 3
93%
what is the longest river in africa nile river
86%
what is the longest river amazon river
80%
what is the smallest continent australia
75%
what country has the most desert australia
75%
what is the largest continent asia
64%
No matching quizzes found
Score Distribution
Percent of People with Each Score
Percentile by Number Answered
Your Score History
You have not taken this quiz